01236nas a2200325 4500001001300000003000900013005001700022007000300039008003400042040005400076041000900130072000800139100001800147100001800165100001900183100001700202245010800219246009000327650001300417650002500430650001600455650002000471650000600491773009800497856008100595909004000676942001800716999001900734952015700753BR2013008153BR-BrBNA20231205123045.0ta230509b bl.|||p| |||| 00| 00por d aBR-BrBNAbporcBiblioteca Nacional de Agricultura a(Pt) aK101 aRuschel, A.R.1 aMantovani, M.1 aReis, M.S. dos1 aNodari, R.O.1 aCaracterização e dinâmica de duas fases sucessionais em floresta secundária da mata atlântica1 aCharacterization and dynamics of two successional stages of secondary atlantic forest aFLORESTA aESSÊNCIA FLORESTAL aMORTALIDADE aRAMIFICAÇÃO a 0 tRevista Árvore (Brazil)xISSN 0100-6762 g(Jan-Feb 2009), v. 33(1) p. 101-115wBR20130081534 uhttp://www.scielo.br/pdf/rarv/v33n1/v33n1a11.pdfyRecurso eletrônico (PDF) a202311bLúciac55dLúcia Elande 2AGRISn0cANA c231976d231976 002AGRIS4071a41918b41918cPeriódicos Agrícolash(Jan-Feb 2009), v. 33(1) p. 101-115l0r2023-11-29t01yCRePortaria Interministerial nº 164/94